000 00503cam a2200181 4500
001 594
003 OCoLC
005 20181127161718.0
008 891201c19891988nyu 00011 eng d
010 _a88024345
020 _a0553282476
100 1 0 _aAtwood, Margaret Eleanor,
_d1939-
245 1 0 _aCat's eye /
_cMargaret Atwood.
260 0 _aNew York :
_bBantam Books,
_c1989, c1988.
300 _a445 p. ;
_c18 cm.
650 _aFriendship --Fiction.
_v
_x
_y
_z
_2
650 _aWomen painters --Fiction.
_v
_x
_y
_z
_2
999 _c445
_d445